| 000 | 00946nmm a2200289 a 4500 | ||
|---|---|---|---|
| 001 | ocm000576789 | ||
| 003 | TR-IsHL | ||
| 005 | 20201028121805.0 | ||
| 008 | 131028s2000 tu tur | ||
| 007 | cr cn | ||
| 020 | _a9789754450675 | ||
| 035 |
_a576789 _b(N$T) |
||
| 050 | 0 | 4 |
_aHF5549 _b.C37 2000 |
| 090 | 0 | 4 |
_aHF5549 _b.C37 2000 |
| 100 | 1 | _aCasson, Herbert N. | |
| 245 | 1 | 0 |
_aİnsanları idare etme sanatı _h[electronic resource] / _cHerbert N. Casson ; çev. Mine Tekin |
| 250 | _a2. bs. | ||
| 260 |
_aİstanbul : _bToker Yayınları, _c2000 |
||
| 300 | _a96 p. | ||
| 650 | 4 | _aİşletme ve Yönetim | |
| 650 | 4 | _aBusiness and Management | |
| 650 | 0 | _aPersonel yönetimi | |
| 650 | 0 | _aPersonnel management | |
| 650 | 7 |
_aBUSINESS & ECONOMICS / Human Resources & Personnel Management _2bisacsh |
|
| 700 | 1 | _aTekin, Mine | |
| 856 | 4 | 0 | _uhttp://search.ebscohost.com/login.aspx?direct=true&scope=site&db=e011xww&AN=576789 |
| 999 |
_c1519 _d1519 |
||